[Event "17th TCh-RUS Higher League"]
[Site "Dagomys RUS"]
[Date "2010.04.04"]
[Round "3"]
[White "Vokarev,S"]
[Black "Pakhomov,E"]
[Result "1/2-1/2"]
[WhiteElo "2506"]
[BlackElo "2381"]

1.e4 e6 2.d4 d5 3.Nd2 Nc6 4.Ngf3 Nf6 5.e5 Nd7 6.Bb5 a6 7.Ba4 Nb6 8.Bb3 Na5
9.c3 Nxb3 10.axb3 Bd7 11.O-O Bb5 12.Re1 Bd3 13.b4 Be7 14.Nb3 Bg6 15.Nc5 Ra7
16.b3 O-O 17.Be3 Qa8 18.Ra2 Nc8 19.Qe2 a5 20.bxa5 Rxa5 21.Rea1 Rxa2 22.Rxa2 Na7
23.Ra3 Bxc5 24.dxc5 Qb8 25.Nd4 Nc6 26.Nxc6 bxc6 27.Qa6 Bc2 28.b4 Qb5 29.Qxb5 cxb5
30.Ra7 c6 31.Rc7 d4 32.Bxd4 Be4 33.f3 Bd5 34.Ra7 h6 35.Kf2 Kh7 36.Ke3 Kg6
37.h4 Kf5 38.Kf2 Bc4 39.Ra1 Kg6 40.g4 Bd5 41.Ra7 f6 42.exf6 gxf6 43.Kg3 e5
44.Be3 f5 45.gxf5+ Rxf5 46.f4 exf4+ 47.Bxf4 Rf7 48.Ra8 Re7 49.Rh8 Rh7 50.Rc8 Rf7
51.Re8 Rf5 52.Rh8 Kg7 53.Rc8 Kg6 54.Rd8 Rf7 55.Rd6+ Rf6 56.Rd8 Rf7 57.Re8 Rf5
58.Rh8 Kg7 59.Ra8 Kg6 60.Ra1 Rf6 61.Rg1 Rf7 62.Re1 Rf5 63.Re3 Rf6 64.Re1 Rf5
65.Rf1 Kg7 66.Rg1 Kf7 67.Ra1 Kg6 68.Ra6 Rf6 69.Rb6 Be4 70.Rb8 Bd5 71.Rh8 Rf5
72.Rxh6+ Kf7 73.Rd6 Rf6 74.Rd7+ Kg6 75.Rd8 Rf5 76.Rh8 Kg7 77.Rc8 Kg6 78.Re8 Rf7
79.Re3 Rf6 80.Rd3 Be4 81.Rd4 Bd5 82.Kf2 Rf7 83.Ke3 Re7+ 84.Kd3 Kf5 85.Bg5 Re4  1/2-1/2

[Event "11th TCh-RUS Women"]
[Site "Dagomys RUS"]
[Date "2010.04.04"]
[Round "4"]
[White "Bronnikova,E"]
[Black "Ushenina,A"]
[Result "0-1"]
[WhiteElo "2271"]
[BlackElo "2452"]

1.e4 e6 2.d4 d5 3.Nd2 Be7 4.c3 c5 5.dxc5 Bxc5 6.Nb3 Bb6 7.exd5 Nf6 8.Nf3 O-O
9.Be2 Nxd5 10.O-O Nc6 11.c4 Ndb4 12.Bf4 Qf6 13.Qc1 e5 14.Bg5 Qf5 15.Nh4 Qc2
16.Qxc2 Nxc2 17.Rac1 N2d4 18.Nxd4 Nxd4 19.Bd1 Be6 20.Nf3 Rac8 21.b3 Nc6 22.a3 e4
23.Nd2 f5 24.c5 Bd8 25.Bf4 Be7 26.b4 g5 27.Bd6 Bxd6 28.cxd6 Rcd8 29.Nc4 b5
30.Ne3 Rxd6 31.Rc5 Nd4 32.g4 h6 33.gxf5 Nxf5 34.Bc2 Nxe3 35.fxe3 Rxf1+ 36.Kxf1 Ra6
37.Bxe4 Rxa3 38.Kf2 a6 39.Bd5 Bxd5 40.Rxd5 Rb3 41.Rd6 Rxb4 42.Rxa6 Kg7 43.Rb6 h5
44.Kf3 Kf7 45.Rh6 Rh4 46.Kg3 b4 47.Rb6 Ke7 48.h3 Kd7 49.Rg6 Rc4 50.Rxg5 h4+
51.Kf3 Kc6 52.Ke2 b3 53.Kd2 Rc2+ 54.Kd3 Rc1 55.Rg2 Kc5 56.e4 Kb4 57.e5 Re1
58.Kd4 Ka3 59.Rg8 b2 60.Kd5 b1=Q 61.Ra8+ Kb3 62.Rb8+ Kc2 63.Rxb1 Kxb1  0-1

[Event "21st Pobeskydi Arcelor Mittal Cup"]
[Site "Frydek-Mistek CZE"]
[Date "2010.04.04"]
[Round "8"]
[White "Diviak,Ra"]
[Black "Tomaszewska,L"]
[Result "1-0"]
[WhiteElo "2043"]
[BlackElo "1879"]

1.e4 e6 2.d4 d5 3.Nd2 Nc6 4.c3 f6 5.Bd3 Qd7 6.Ne2 Qf7 7.O-O Bd7 8.f4 O-O-O
9.b4 Kb8 10.a4 dxe4 11.Nxe4 h6 12.Qb3 f5 13.N4g3 Nce7 14.c4 h5 15.b5 h4 16.Nh1 c6
17.Ba3 Nc8 18.c5 g5 19.fxg5 Qg7 20.Bc1 Be7 21.Bf4+ Ka8 22.Be5 Qxg5 23.Bxh8 Nf6
24.Bxf6 Bxf6 25.Bc4 e5 26.dxe5 Bxe5 27.Rad1 f4 28.Nf2 h3 29.Nxh3 Bxh3 30.Qxh3 Rh8
31.Qf3  1-0

[Event "1st LUCOPEN"]
[Site "Lille FRA"]
[Date "2010.04.04"]
[Round "2"]
[White "Degraeve,JM"]
[Black "Nass,E"]
[Result "1/2-1/2"]
[WhiteElo "2563"]
[BlackElo "2221"]

1.e4 e6 2.d4 d5 3.Nd2 Be7 4.Ngf3 Nf6 5.e5 Nfd7 6.Bd3 c5 7.c3 Nc6 8.O-O a5
9.Re1 cxd4 10.cxd4 Qb6 11.Nb1 Nxd4 12.Nxd4 Qxd4 13.Nc3 Bc5 14.Be3 Qh4 15.Na4 Bb4
16.Re2 O-O 17.a3 Be7 18.f4 f6 19.g3 Qh5 20.exf6 Bxf6 21.Rc1 d4 22.Bf2 b5
23.Qb3 bxa4 24.Qxe6+ Kh8 25.Rxc8 Raxc8 26.Qxd7 Qf3 27.Qf5 g6 28.Qb5 Rb8 29.Qa6 Ra8
30.Qb5 Rab8 31.Qa6 Ra8  1/2-1/2

[Event "Bundesliga 2009-10"]
[Site "Baden-Baden GER"]
[Date "2010.04.10"]
[Round "14"]
[White "Chernov,Va"]
[Black "Zaragatski,I"]
[Result "1-0"]
[WhiteElo "2433"]
[BlackElo "2475"]

1.e4 e6 2.d4 d5 3.Nd2 Nc6 4.Ngf3 Nf6 5.e5 Nd7 6.Bd3 f6 7.exf6 Qxf6 8.Nf1 e5
9.Ne3 Nxd4 10.Nxd4 exd4 11.Nxd5 Qe5+ 12.Qe2 Qxe2+ 13.Bxe2 Bd6 14.Bf4 Bxf4
15.Nxf4 Nb6 16.O-O-O c5 17.Bh5+ g6 18.Rhe1+ Kf7 19.Bf3 Rb8 20.Nd3 Bf5 21.Nxc5 Rhc8
22.Ne4 Rd8 23.g4 Bxe4 24.Rxe4 d3 25.Rxd3 Rxd3 26.cxd3 Nd7 27.g5 Nc5 28.Rd4 Ke7
29.Kd2 Ne6 30.Re4 Kd6 31.h4 Rf8 32.Ke3 a5 33.Rc4 Rf7 34.Be4 Re7 35.Rc8 Ng7
36.Rd8+ Kc7 37.Ra8 Kb6 38.f4 Rf7 39.Rd8 Kc7 40.Rd5 b6 41.Re5 Kd6 42.Rb5 Kc7
43.a4 Re7 44.Re5 Rf7 45.d4 Kd6 46.Rb5 Kc7 47.b4 Re7 48.bxa5 bxa5 49.Rxa5 Nf5+
50.Kd3 Nxh4 51.Ra7+  1-0

[Event "Sydney Int Open"]
[Site "Parramatta AUS"]
[Date "2010.04.10"]
[Round "7"]
[White "Xie,G"]
[Black "Steadman,M"]
[Result "0-1"]
[WhiteElo "2470"]
[BlackElo "2264"]

1.e4 e6 2.d4 d5 3.Nd2 Nc6 4.Ngf3 Nf6 5.e5 Nd7 6.c3 f6 7.exf6 Qxf6 8.Bb5 a6
9.Qa4 axb5 10.Qxb5 Bd6 11.a4 O-O 12.a5 Ne7 13.h4 e5 14.Qb3 Kh8 15.dxe5 Nxe5
16.O-O Bg4 17.Ng5 h6 18.f4 hxg5 19.hxg5 Qg6 20.Ra4 Bc5+ 21.Rd4 N5c6 22.Nf3 Bxf3
23.gxf3 Qd3 24.Qxb7 Nxd4 25.cxd4 Bxd4+  0-1

[Event "IV Open"]
[Site "La Laguna ESP"]
[Date "2010.04.11"]
[Round "9"]
[White "Cabrera Trujillo,J"]
[Black "Fernandez Manrique,A"]
[Result "1-0"]
[WhiteElo "2370"]
[BlackElo "2115"]

1.e4 e6 2.d4 d5 3.Nd2 Nc6 4.Ngf3 Nf6 5.e5 Nd7 6.Nb3 a5 7.a4 b6 8.Bb5 Ncb8
9.O-O Ba6 10.Qe2 Qc8 11.Ng5 Be7 12.Qh5 Bxg5 13.Qxg5 O-O 14.Re1 Bxb5 15.axb5 Qe8
16.Qg3 Kh8 17.Nd2 c6 18.bxc6 Nxc6 19.c3 b5 20.Nf3 f6 21.exf6 Nxf6 22.Ng5 Nd8
23.Qd6 h6 24.Nxe6 Nxe6 25.Rxe6 Qh5 26.f3 Ng4 27.Qe5 Rf5 28.Rxh6+ Qxh6 29.Qxf5  1-0

[Event "XXVIII Open A"]
[Site "Metz FRA"]
[Date "2010.04.11"]
[Round "3"]
[White "Prasanna,Ra"]
[Black "Eingorn,V"]
[Result "0-1"]
[WhiteElo "2306"]
[BlackElo "2560"]

1.e4 e6 2.d4 d5 3.Nd2 a6 4.Ngf3 c5 5.exd5 exd5 6.dxc5 Bxc5 7.Nb3 Ba7 8.Bd3 Qe7+
9.Be2 Nf6 10.O-O O-O 11.Re1 Ne4 12.Nbd4 Nc6 13.Be3 Qf6 14.Qd3 Bg4 15.Nxc6 bxc6
16.Bxa7 Rxa7 17.Qd4 Qxd4 18.Nxd4 Bxe2 19.Nxe2 g6 20.Rad1 Rb8 21.b3 Nf6 22.Nf4 a5
23.a4 Kf8 24.f3 Re7 25.Kf2 Nd7 26.Ne2 Nc5 27.Nd4 Rc8 28.g3 Ne6 29.Re3 Nxd4
30.Rxd4 Rxe3 31.Kxe3 Ke7 32.Rf4 c5 33.Kd3 Ke6 34.Rh4 h5 35.g4 hxg4 36.fxg4 c4+
37.Kd4 cxb3 38.cxb3 Rb8 39.Rh3 Rb4+ 40.Kc5 d4 41.g5 Ke5 42.Rf3 Rb7 43.Kc6 Ke4
44.Rf6 Rxb3 45.Rxf7 d3 46.Re7+ Kd4 47.Rd7+ Kc3 48.h4 d2 49.h5 gxh5 50.g6 Kc2
51.g7 Rg3  0-1

[Event "59th ch-BUL w"]
[Site "Dupnitsa BUL"]
[Date "2010.04.16"]
[Round "10"]
[White "Nikolova,A"]
[Black "Yordanova,S"]
[Result "1/2-1/2"]
[WhiteElo "2348"]
[BlackElo "2140"]

1.e4 e6 2.d4 d5 3.Nd2 Be7 4.Ngf3 Nf6 5.Bd3 c5 6.exd5 Nxd5 7.dxc5 Nd7 8.Ne4 Nxc5
9.Nxc5 Qa5+ 10.c3 Qxc5 11.O-O O-O 12.Re1 Qc7 13.Nd4 a6 14.Qh5 g6 15.Qf3 Rd8
16.Be4 Nf6 17.Bf4 Qb6 18.Bg5 e5 19.Nc6 bxc6 20.Bxf6 Bg4 21.Qxg4 Bxf6 22.Qf3 Rd6
23.Rad1 Rad8 24.b3 Kg7 25.Rxd6 Rxd6 26.Rd1 c5 27.Rxd6 Qxd6 28.Bd5 e4 29.Qxe4 Bxc3
30.g3 Bd4 31.Kg2 Qf6 32.Qf3 Qe7 33.Bc4 a5  1/2-1/2

[Event "Open"]
[Site "Bar MNE"]
[Date "2010.04.18"]
[Round "3"]
[White "Ashiku,F"]
[Black "Rusev,K"]
[Result "0-1"]
[WhiteElo "2064"]
[BlackElo "2543"]

1.e4 e6 2.d4 d5 3.Nd2 Be7 4.exd5 exd5 5.Bd3 Nf6 6.h3 O-O 7.Qf3 c5 8.dxc5 a5
9.Ne2 Nbd7 10.Nb3 a4 11.Nbd4 Nxc5 12.Ng3 a3 13.Nb5 Qa5+ 14.c3 axb2 15.Bxb2 Bd7
16.Nd4 Na4 17.Nb3 Qc7 18.Bc1 Qxc3+ 19.Bd2 Qe5+ 20.Ne2 Ne4 21.O-O Nxd2 22.Nxd2 Nc5
23.Rfe1 Bd6 24.g3 Qg5 25.Nb3 Nxb3 26.axb3 Bxh3 27.Rxa8 Rxa8 28.Nd4 g6 29.Nb5 Bg4
30.Qe3 Qxe3 31.Rxe3 Bc5 32.Re5 Ra2 33.Rxd5 Bxf2+ 34.Kg2 Be3+ 35.Kf1 Ra1+  0-1

[Event "Open"]
[Site "Bar MNE"]
[Date "2010.04.21"]
[Round "6"]
[White "Krivokapic,M"]
[Black "Drasko,M"]
[Result "1/2-1/2"]
[WhiteElo "2429"]
[BlackElo "2527"]

1.e4 e6 2.d4 d5 3.Nd2 Nc6 4.Ngf3 Nf6 5.e5 Nd7 6.Be2 Be7 7.Nf1 O-O 8.Ng3 f6
9.exf6 Bxf6 10.Nh5 e5 11.dxe5 Ndxe5 12.Nxf6+ Qxf6 13.O-O Bg4 14.Nxe5 Bxe2  1/2-1/2

[Event "ch-SRB w"]
[Site "Pancevo SRB"]
[Date "2010.04.21"]
[Round "2"]
[White "Eric,J"]
[Black "Djukic,Sa"]
[Result "1/2-1/2"]
[WhiteElo "2183"]
[BlackElo "2214"]

1.e4 e6 2.d4 d5 3.Nd2 Be7 4.Ngf3 Nf6 5.e5 Nfd7 6.Bd3 c5 7.c3 Nc6 8.Nf1 Qb6
9.Bb1 cxd4 10.cxd4 Bb4+ 11.Ke2 f6 12.exf6 Nxf6 13.Ng3 Bd7 14.a3 Bd6 15.Re1 O-O-O
16.Kf1 Rhf8 17.b4 h6 18.Bg6 Be8 19.Bd3 Ng4 20.Bb2 Nxh2+ 21.Nxh2 Bxg3 22.Nf3 Bc7
23.Rxe6 Bf7 24.Re1 Bh5 25.Be2 Kb8 26.Rc1 Rf4 27.Rc5 Ne7 28.Bc1 Rff8 29.Qd3 Qf6
30.Bd1 Bd6 31.Rc3 Nf5 32.Be3 g5 33.Ne5 Bxd1 34.Rxd1 Ng3+ 35.Kg1 Ne4 36.Rc2 Bxe5
37.dxe5 Qxe5 38.Qd4 Qxd4 39.Bxd4 Rfe8 40.f3 Ng3 41.Bf2 Ne2+ 42.Kf1 Nf4 43.Rcd2 Rf8
44.Bd4 Rf5 45.g4 Rf7 46.Be5+ Ka8 47.Kf2 a6 48.Bxf4 Rxf4 49.Rxd5 Rb8 50.Rd8 Rf6
51.Rxb8+ Kxb8 52.Rd7 Ka7 53.Rh7 Kb6 54.a4 Kc6 55.b5+ Kb6 56.Ke3 axb5 57.axb5 Kxb5
58.Rxb7+ Kc6 59.Ke4  1/2-1/2

[Event "9th Asian Continental w"]
[Site "Olongapo City PHI"]
[Date "2010.04.22"]
[Round "2"]
[White "Sukandar,I"]
[Black "Lkhamsuren,U"]
[Result "1-0"]
[WhiteElo "2316"]
[BlackElo "2115"]

1.e4 e6 2.d4 d5 3.Nd2 a6 4.Ngf3 c5 5.exd5 exd5 6.Be2 Nf6 7.O-O c4 8.Re1 Be7
9.b3 cxb3 10.axb3 O-O 11.Bd3 Nc6 12.c3 Bg4 13.Nf1 Bh5 14.Ng3 Bg6 15.Ne5 Nxe5
16.dxe5 Ne4 17.Bb2 Nc5 18.Bxg6 hxg6 19.Ba3 Re8 20.Ra2 Ne4 21.Nxe4 Bxa3 22.Ng3 Bf8
23.Rae2 Rc8 24.Re3 Qa5 25.Qf3 Re6 26.Rd1 Qa2 27.b4 Rd8 28.Ne2 g5 29.Nd4 Rg6
30.Qg4 Be7 31.Nf5 Re8 32.Rh3 Qa4 33.Qh5 Rh6 34.Nxh6+ gxh6 35.e6 Rf8 36.Re1  1-0

[Event "9th Asian Continental"]
[Site "Olongapo City PHI"]
[Date "2010.04.23"]
[Round "3"]
[White "Khamrakulov,D"]
[Black "Nadera,B"]
[Result "1/2-1/2"]
[WhiteElo "2509"]
[BlackElo "2405"]

1.e4 e6 2.d4 d5 3.Nd2 a6 4.Ngf3 Nf6 5.Bd3 c5 6.exd5 exd5 7.c3 Nc6 8.Qe2+ Qe7
9.Qxe7+ Bxe7 10.dxc5 Bxc5 11.Nb3 Bb6 12.h3 h6 13.O-O O-O 14.Re1 Re8 15.Rxe8+ Nxe8
16.Bf4 g5 17.Re1 Kf8 18.Be3 Bxe3 19.Rxe3 Nd6 20.Nbd4 Bd7 21.Ne5 Rd8 22.Nexc6 Bxc6
23.Kf1 a5 24.Ke2 Bd7 25.b3 Rc8 26.Kd2 f6 27.Ba6 b6 28.g4 b5 29.f3 a4 30.Kd3 axb3
31.axb3 Ra8 32.Ne6+ Kg8 33.Nc7 Rb8 34.Nxd5 Kf7 35.Re7+ Kf8 36.Rxd7 Nf7 37.Rb7 Re8
38.Nb6 Kg7  1/2-1/2

[Event "ch-SRB"]
[Site "Kragujevac SRB"]
[Date "2010.04.26"]
[Round "8"]
[White "Savic,Miod1"]
[Black "Sedlak,N"]
[Result "0-1"]
[WhiteElo "2522"]
[BlackElo "2570"]

1.e4 e6 2.d4 d5 3.Nd2 a6 4.Ngf3 Nf6 5.Bd3 c5 6.e5 Nfd7 7.c3 Nc6 8.O-O g5
9.dxc5 g4 10.Nd4 Ndxe5 11.N2b3 Nxd3 12.Qxd3 e5 13.Re1 Bg7 14.Nf5 Bxf5 15.Qxf5 Qd7
16.Qh5 O-O-O 17.Bh6 Bxh6 18.Qxh6 f5 19.Nd2 Qf7 20.a4 Qg6 21.Qh4 e4 22.Qg3 Qg5
23.f4 Qf6 24.Rad1 d4 25.Nc4 Kb8 26.Nd6 d3 27.Qe3 Ne7 28.Nxe4 fxe4 29.Qxe4 Nc6
30.Rxd3 Rxd3 31.Qxd3 Qxf4 32.Qd6+ Qxd6 33.cxd6 Kc8 34.Kf2 Kd7 35.Kg3 h5 36.Rd1 Ne5
37.Rd4 Rf8 38.b3 Rf5 39.c4 Nc6 40.Rd2 a5 41.Kh4 Ne5 42.h3 gxh3 43.Kxh3 Ng6
44.Kg3 Rg5+ 45.Kh2 h4 46.Rd4 Rg3 47.b4 axb4 48.c5 Rb3 49.Rg4 Ne5 50.Rg7+ Kc6
51.Rc7+ Kd5 52.Kg1 Kc4 53.Rxb7 Kxc5 54.d7 Rd3 55.Rb5+ Kc4 56.Rxe5 Rxd7 57.Kh2 b3
58.Re1 Kb4 59.Re4+ Ka3 60.Kh3 Ra7 61.Re1 Rxa4 62.Ra1+ Kb4  0-1

[Event "9th Asian Continental"]
[Site "Olongapo City PHI"]
[Date "2010.04.28"]
[Round "8"]
[White "Geetha, Narayanan Gopal"]
[Black "Zeng Chongsheng"]
[Result "0-1"]
[WhiteElo "2604"]
[BlackElo "2350"]

1.e4 e6 2.d4 d5 3.Nd2 Nc6 4.Ngf3 Nf6 5.e5 Nd7 6.Nb3 Be7 7.c3 f6 8.exf6 Bxf6
9.Bb5 O-O 10.Bf4 a5 11.O-O a4 12.Nbd2 a3 13.bxa3 Rxa3 14.Nb3 Ne7 15.Re1 Ng6
16.Bg3 Re8 17.Qc1 Ra7 18.Qc2 c6 19.Bd3 Ndf8 20.c4 dxc4 21.Bxc4 Ne7 22.Nc5 Nd5
23.a4 Be7 24.h4 Qa5 25.Ne4 Bb4 26.Rec1 Qd8 27.Ne5 Be7 28.Nf3 Nf6 29.Be5 Ng4
30.h5 Ra5 31.Rd1 h6 32.Ng3 Nf6 33.Bxf6 Bxf6 34.Qe4 Qc7 35.Re1 Rd8 36.Bb3 c5
37.Rec1 Qb6 38.Rab1 cxd4 39.Ba2 Qd6 40.Nf5 Qd7 41.Rd1 Rxa4 42.Bb3 Rb4 43.Ne3 Qc6
44.Qxc6 bxc6 45.Nc2 Rb7 46.Bc4 Rxb1 47.Rxb1 Kf7 48.Nb4 c5 49.Nc6 Rd6 50.Na7 Ba6
51.Nd2 Bxc4 52.Nxc4 Rd5 53.g4 g6 54.Rb7+ Rd7 55.Nd6+ Kg8 56.Rxd7 Nxd7 57.hxg6 Kg7
58.Nc6 Ne5 59.Nxe5 Bxe5 60.Nc4 Bf4 61.Kf1 Kxg6 62.Ke2 Kg5 63.Kf3 d3 64.Nb2 d2
65.Nd1 Be5 66.Ke4 Bd4 67.f3 e5 68.f4+ exf4 69.Kf3 c4 70.Ke4 c3  0-1

[Event "ch-SRB w"]
[Site "Pancevo SRB"]
[Date "2010.04.28"]
[Round "9"]
[White "Tomin,Ks"]
[Black "Djukic,Sa"]
[Result "0-1"]
[WhiteElo "1883"]
[BlackElo "2214"]

1.e4 e6 2.d4 d5 3.Nd2 Be7 4.Ngf3 Nf6 5.e5 Nfd7 6.Bd3 c5 7.c3 Nc6 8.O-O g5
9.dxc5 g4 10.Nd4 Ndxe5 11.Bb5 Qc7 12.Re1 Ng6 13.N4b3 e5 14.Nf1 Be6 15.a4 O-O-O
16.Qc2 h5 17.Ne3 Nh4 18.Bd2 a6 19.Bxc6 Qxc6 20.Nf1 d4 21.f3 gxf3 22.Kf2 fxg2
23.Ng3 Qf3+ 24.Kg1 d3  0-1

[Event "9th Asian Continental"]
[Site "Olongapo City PHI"]
[Date "2010.04.29"]
[Round "9"]
[White "Causo,D"]
[Black "Lou Yiping"]
[Result "1/2-1/2"]
[WhiteElo "2302"]
[BlackElo "2429"]

1.e4 e6 2.d4 d5 3.Nd2 Be7 4.Ngf3 Nf6 5.Bd3 c5 6.c3 cxd4 7.cxd4 dxe4 8.Nxe4 O-O
9.O-O Nc6 10.Be3 Nb4 11.Bb1 b6 12.a3 Nbd5 13.Qd3 Bb7 14.Ne5 Nxe4 15.Qxe4 f5
16.Qd3 Rc8 17.Re1 Bd6 18.Bd2 Bb8 19.Ba2 a5 20.Bb3 Qd6 21.Rad1 f4 22.Qh3 Rf6
23.Nc4 Qc6 24.Ne5 Qe8 25.Rc1 Rxc1 26.Bxc1 Qc8 27.Bd2 h6 28.Qd3 Bxe5 29.Rxe5 Kf7
30.h4 Ne7 31.Qh3 Ng6 32.h5 Ne7 33.Bxf4 Bd5 34.Bxd5 Nxd5 35.Rxd5 Rxf4 36.Qe3 exd5
37.Qxf4+ Kg8 38.g3 Qc6 39.Kg2 a4 40.Qf5 Qb5 41.g4 Qb3 42.Qf3 Qc4 43.Qc3 Qe2
44.Kg3 Kh7  1/2-1/2

[Event "7th Balagne Open"]
[Site "Calvi FRA"]
[Date "2010.04.30"]
[Round "8"]
[White "Mekhitarian,K"]
[Black "Sengupta,D"]
[Result "1/2-1/2"]
[WhiteElo "2490"]
[BlackElo "2496"]

1.e4 e6 2.d4 d5 3.Nd2 a6 4.Ngf3 Nf6 5.e5 Nfd7 6.Bd3 c5 7.c3 Nc6 8.O-O g5
9.Nb3 h6 10.Nxc5 Nxc5 11.dxc5 Bxc5 12.Qe2 Qc7 13.Re1 Bf8 14.c4 dxc4 15.Bxc4 Bg7
16.Bd2 Bd7 17.Rac1 Rc8 18.Qe4 Qb8 19.h4 Ne7 20.hxg5 Bc6 21.Qg4 Bxf3 22.Qxf3 hxg5
23.Qg3 Rc5 24.Bxe6 Rxe5 25.Bb3 Rxe1+ 26.Bxe1 Qxg3 27.fxg3 Bxb2 28.Rc7 Bd4+
29.Kf1 Rh1+ 30.Ke2 Rg1 31.Rxb7 Bc5 32.Rc7 Bb6 33.Rb7 Bc5 34.Rc7 Bb6 35.Rb7 Bc5  1/2-1/2

[Event "TOP 16 GpB"]
[Site "Mulhouse FRA"]
[Date "2010.05.01"]
[Round "6"]
[White "Hamdouchi,H"]
[Black "Song,Ju"]
[Result "1-0"]
[WhiteElo "2606"]
[BlackElo "2329"]

1.e4 e6 2.d4 d5 3.Nd2 Be7 4.Bd3 Nc6 5.Ngf3 Nb4 6.Be2 c5 7.c3 Nc6 8.e5 cxd4
9.cxd4 Qb6 10.Nb3 a5 11.O-O a4 12.Nc5 Nxd4 13.Qxd4 Bxc5 14.Qg4 Kf8 15.Bd2 Ne7
16.Rac1 Nc6 17.Qf4 Be7 18.Rc2 Bd7 19.Rfc1 h6 20.h4 g6 21.a3 Kg7 22.Bd3 Rag8
23.Be3 Qd8 24.Bb5 g5 25.Qxa4 gxh4 26.Nd4 Bg5 27.f4 Nxd4 28.Qxd4 Bxb5 29.fxg5 hxg5
30.Qg4 Kh6 31.Rf2 Bd3 32.Rf6+ Bg6 33.Bxg5+  1-0

[Event "ch-CZE"]
[Site "Ostrava CZE"]
[Date "2010.05.03"]
[Round "3"]
[White "Ponizil,C"]
[Black "Cvek,R"]
[Result "1/2-1/2"]
[WhiteElo "2392"]
[BlackElo "2495"]

1.e4 e6 2.d4 d5 3.Nd2 Be7 4.Bd3 c5 5.dxc5 Nf6 6.Qe2 O-O 7.Ngf3 a5 8.O-O Na6
9.e5 Nd7 10.c4 Ndxc5 11.Bb1 Nc7 12.Rd1 b6 13.Nb3 Bb7 14.cxd5 Bxd5 15.Nxc5 bxc5
16.Be3 a4 17.Qc2 g6 18.Bxc5 Bxc5 19.Qxc5 Qb8 20.Qc3 Bxf3 21.gxf3 Nd5 22.Qd4 Qd8
23.Kh1 Qg5 24.Rg1 Qh5 25.Be4 Rfd8 26.Rad1 Kg7 27.Bxd5 Rxd5 28.Qe4 Qxe5 29.Qxe5+ Rxe5
30.Rge1 Rb5 31.Rd2 Rab8 32.Ree2 Kf6 33.Rc2 R8b7 34.Red2 Rb4 35.a3 Rh4 36.Rc5 Rb3
37.Kg2 Rf4 38.Rc3 Rxc3 39.bxc3 Rc4 40.Rd3 Ke7 41.Kg3 e5 42.Rd5 Rxc3 43.Rxe5+ Kd6
44.Ra5 Rxa3 45.Ra7 Ke6 46.Ra6+ Ke7 47.Ra7+ Kf6 48.Kf4 Ra1 49.Ra6+ Kg7 50.h3 a3
51.Kg3 h5 52.f4 Kf8 53.Ra7 Ke8 54.f5 g5 55.f6 a2 56.Kg2 Kd8 57.Kh2 Kc8 58.Kg2 Kb8
59.Ra4 Kb7 60.Ra3 Kc6 61.Ra8 Kd6 62.Ra5 Ke6 63.Ra6+ Kf5 64.f3 Ke5 65.Kh2 Rf1
66.Rxa2 Rxf3 67.h4 Kxf6 68.Ra6+ Kg7 69.hxg5 Rf5 70.Kh3 Rxg5 71.Kh4 Rb5 72.Rc6 f6
73.Rc8 Kg6 74.Rg8+ Kf7 75.Ra8 Kg6 76.Rg8+ Kf5 77.Rg1 Ke4 78.Re1+ Kd3 79.Rf1 f5
80.Kxh5 Ke3 81.Kg5 f4+ 82.Kg4 Rb4 83.Rf3+ Ke2 84.Rxf4  1/2-1/2

[Event "ch-CZE"]
[Site "Ostrava CZE"]
[Date "2010.05.03"]
[Round "3"]
[White "Petr,Ma"]
[Black "Firt,S"]
[Result "1-0"]
[WhiteElo "2511"]
[BlackElo "2331"]

1.e4 e6 2.d4 d5 3.Nd2 Be7 4.Ngf3 Nf6 5.e5 Nfd7 6.Bd3 c5 7.c3 Nc6 8.O-O a5
9.Re1 cxd4 10.cxd4 Qb6 11.a3 a4 12.Bc2 Nxd4 13.Bxa4 Nc6 14.Nf1 Bc5 15.Re2 Nd4
16.Nxd4 Bxd4 17.Be3 Bxe3 18.Rxe3 O-O 19.Bc2 f5 20.b4 Rf7 21.Nd2 Qd8 22.a4 Nf8
23.Rc3 Rc7 24.Raa3 Bd7 25.Nf3 Rac8 26.Qd2 Ng6 27.b5 Rc5 28.Bd3 Nh4 29.Nxh4 Qxh4
30.Rxc5 Rxc5 31.f4 Qd8 32.h3 Qc7 33.Kh2 b6 34.a5 Bxb5 35.axb6 Qxb6 36.Qb4 h5
37.Ra1 Qc6 38.Ra5 Bxd3 39.Rxc5 Qa6 40.Rc7  1-0

[Event "ch-CZE"]
[Site "Ostrava CZE"]
[Date "2010.05.03"]
[Round "3"]
[White "Rasik,V"]
[Black "Turner,Ja"]
[Result "1-0"]
[WhiteElo "2480"]
[BlackElo "2324"]

1.e4 e6 2.d4 d5 3.Nd2 Nc6 4.Ngf3 Nf6 5.e5 Nd7 6.Be2 f6 7.exf6 Qxf6 8.Nf1 e5
9.Ne3 e4 10.Nxd5 Qd6 11.Bc4 Nb6 12.Bf4 Qxd5 13.Bxd5 Nxd5 14.Qe2 Bf5 15.Bg5 Be7
16.Nh4 Bb4+ 17.Bd2 Nxd4 18.Qc4 Bxd2+ 19.Kxd2 O-O-O 20.Nxf5 Nxf5 21.Kc1 Rhe8
22.Rd1 c6 23.Qe2 e3 24.c4 Nb4 25.Rxd8+ Kxd8 26.fxe3 Rxe3 27.Qd2+ Nd3+ 28.Kb1 Kc7
29.Qa5+  1-0

[Event "40th Bosna Open"]
[Site "Sarajevo BIH"]
[Date "2010.05.05"]
[Round "1"]
[White "Estrada Nieto,J"]
[Black "Nikolic,Pr"]
[Result "1/2-1/2"]
[WhiteElo "2304"]
[BlackElo "2602"]

1.e4 e6 2.d4 d5 3.Nd2 a6 4.Ngf3 c5 5.exd5 exd5 6.dxc5 Bxc5 7.Bd3 Qe7+ 8.Qe2 Nc6
9.Nb3 Bb6 10.c3 Bg4 11.O-O Qxe2 12.Bxe2 Nf6 13.Re1 O-O 14.Bf4 Rfe8 15.Rad1 h6
16.h3 Bh5 17.g4 Bg6 18.Nbd4 Na5 19.Ne5 Rac8 20.Nxg6 fxg6 21.Bd3 g5 22.Be3 Nc4
23.Bxc4 Rxc4 24.Nf5 Bxe3 25.Rxe3 Rce4 26.Rxe4 Rxe4 27.Ne3 Re5 28.Rd4 g6 29.Rb4 Re7
30.Rb6 Rf7 31.f3 Kf8 32.Kg2 Ke8 33.Rd6 Ke7 34.Rb6 Kd8 35.Rd6+ Ke7 36.Rb6 Kd8
37.Rd6+  1/2-1/2

[Event "TCh-ISR"]
[Site "Israel ISR"]
[Date "2010.05.07"]
[Round "9"]
[White "Oratovsky,M"]
[Black "Vitiugov,N"]
[Result "0-1"]
[WhiteElo "2512"]
[BlackElo "2692"]

1.e4 e6 2.d4 d5 3.Nd2 Be7 4.Ngf3 Nf6 5.e5 Nfd7 6.Bd3 c5 7.c3 Nc6 8.O-O g5
9.dxc5 g4 10.Nd4 Ndxe5 11.Bb5 Bd7 12.Bxc6 bxc6 13.f4 gxf3 14.N2xf3 Ng6 15.Qe2 Qc7
16.Ng5 Qe5 17.Qh5 Bxc5 18.Bd2 h6 19.Rxf7 hxg5 20.Qxg6 Qxh2+ 21.Kf2 O-O-O
22.Be3 Qh4+ 23.Ke2 Qg4+ 24.Kf2 Rhf8 25.Rxf8 Rxf8+ 26.Kg1 e5 27.Nc2 Bxe3+
28.Nxe3 Qf4  0-1

[Event "ch-UKR"]
[Site "Alushta UKR"]
[Date "2010.05.08"]
[Round "6"]
[White "Goroshkova,L"]
[Black "Evdokimov, Alexander"]
[Result "1/2-1/2"]
[WhiteElo "1963"]
[BlackElo "2187"]

1.e4 e6 2.d4 d5 3.Nd2 Nc6 4.Ngf3 Nf6 5.e5 Nd7 6.c3 b6 7.Bd3 Be7 8.O-O Na5
9.b4 Nb7 10.Rb1 c5 11.Ne1 c4 12.Bc2 b5 13.f4 g6 14.Ndf3 a5 15.a3 axb4 16.axb4 Nb6
17.Kh1 Qc7 18.Ng5 Nd8 19.Bd2 Ra2 20.Ra1 Qa7 21.Rxa2 Qxa2 22.Bb1 Qa3 23.Nc2 Qb3
24.Ne3 Qxd1 25.Rxd1 Bd7 26.Bc2 h6 27.Nf3 Nc6  1/2-1/2

[Event "FSIMB May"]
[Site "Budapest HUN"]
[Date "2010.05.08"]
[Round "8"]
[White "Ocantos,M"]
[Black "Csonka,B"]
[Result "1/2-1/2"]
[WhiteElo "2125"]
[BlackElo "2197"]

1.e4 e6 2.d4 d5 3.Nd2 Be7 4.Ngf3 Nf6 5.Bd3 c5 6.dxc5 Nxe4 7.Nxe4 dxe4 8.Bxe4 Qxd1+
9.Kxd1 Bxc5 10.Ke2 Nd7 11.Be3 Bxe3 12.Kxe3 Nf6 13.Bd3 b6 14.c4 Bb7 15.h3 Ke7
16.Rhd1 Rhd8 17.Bf1 Bxf3 18.Kxf3 Nd7 19.Ke3 a5 20.b3 Nc5 21.Rxd8 Rxd8 22.Be2 Kd6
23.Rd1+ Kc7 24.Rxd8 Kxd8 25.Kd4 Ke7 26.Bd1 Kd6 27.f4 f6 28.Bc2 h6 29.a3 Na6
30.Bb1 Nc5 31.Bc2 Na6 32.Bd3 Nc5 33.b4 axb4 34.axb4 Na6 35.Kc3 Nc7 36.Be4 g5
37.fxg5 fxg5 38.Kd4 Na6 39.Kc3 Nc7 40.Bb7 Ke5 41.g3 h5 42.Kd3 h4 43.gxh4 gxh4
44.Ke3 Ne8 45.c5 bxc5 46.bxc5 Nd6 47.cxd6 Kxd6 48.Kf4 Ke7 49.Kg5 Kf7 50.Kxh4 Kg7
51.Kg5 e5 52.Be4 Kf7 53.h4 Kg8 54.h5 Kf7 55.h6 Kg8 56.Bf5 e4 57.Bg4 Kh7 58.Be2 Kh8  1/2-1/2

[Event "VIII World's Youth Stars"]
[Site "Kirishi RUS"]
[Date "2010.05.09"]
[Round "1"]
[White "Bernadskiy,V"]
[Black "Bajarani,U"]
[Result "1-0"]
[WhiteElo "2330"]
[BlackElo "2422"]

1.e4 e6 2.d4 d5 3.Nd2 Be7 4.Bd3 c5 5.dxc5 Nf6 6.Qe2 O-O 7.Ngf3 a5 8.O-O Na6
9.e5 Nd7 10.Nb3 a4 11.Nbd4 Ndxc5 12.Bb5 Bd7 13.Be3 Nb4 14.Rfd1 a3 15.c3 axb2
16.Qxb2 Nc6 17.c4 Nxd4 18.Nxd4 dxc4 19.Bxd7 Qxd7 20.Nf5 Nd3 21.Qd4 Qxd4 22.Nxe7+ Kh8
23.Bxd4 Rfe8 24.Rxd3 cxd3 25.Bc5 Ra5 26.Bd6 Rea8 27.a3 Rb5 28.Rd1 Rb3 29.f4 h6
30.Kf2 g5 31.f5 exf5 32.Nxf5 Rc8 33.Ne3 Kh7 34.Kf3 Rcc3 35.Bb4 Rc2 36.Ke4 Rf2
37.g3 Rxh2 38.Rxd3 Rxd3 39.Kxd3 h5 40.Ke4 Kg6 41.Bc5 Rd2 42.Be7 Rb2 43.Bd8 Rb3
44.Be7 b5 45.Nf5 Rb2 46.Nd4 Rb1 47.Nf3 h4 48.gxh4 g4 49.Nd4 Rd1 50.Ne2 Re1
51.Ke3 g3 52.Kd2 Rh1 53.Nxg3 Rh3 54.Ne2 Kf5 55.Bf6 Rxa3 56.Nd4+ Kg6 57.Nxb5 Ra4
58.Ke3 Rb4 59.Nd4 Ra4 60.Ne2 Kf5 61.h5 Ra3+ 62.Kd4 Rh3 63.Bg7 Rh2 64.h6 Rh4+
65.Kd5 Kg6 66.Ng3 Ra4 67.Nf5 Ra5+ 68.Kd6 Ra6+ 69.Kc7 Ra7+ 70.Kb6 Rd7 71.Kc6 Ra7
72.Nh4+ Kh7 73.Kd6 Rb7 74.Nf3 Rb6+ 75.Ke7 Kg6 76.Nh4+  1-0

[Event "ch-CZE"]
[Site "Ostrava CZE"]
[Date "2010.05.09"]
[Round "9"]
[White "Velicka,P"]
[Black "Cvek,R"]
[Result "1/2-1/2"]
[WhiteElo "2479"]
[BlackElo "2495"]

1.e4 e6 2.d4 d5 3.Nd2 Be7 4.Bd3 c5 5.dxc5 Nf6 6.Qe2 O-O 7.Ngf3 a5 8.O-O Na6
9.e5 Nd7 10.c4 Naxc5 11.Bc2 b6 12.Nd4 Bb7 13.b3 Qc7 14.Bb2 Qxe5 15.Qxe5 Nxe5
16.Nxe6 Nxe6 17.Bxe5 Rfd8 18.Rfd1 Bc5 19.cxd5 Rxd5 20.Nc4 Rad8 21.Rxd5 Rxd5
22.Rd1 Nd4 23.Bxd4 Rxd4 24.Rxd4 Bxd4 25.Kf1 g6 26.Bd3 f5 27.g3 Kf8 28.Nd6 Bc6
29.Bb5 Ba8 30.Bc4 Bc5 31.Nb5 Ke7 32.Ke2 g5 33.Nc3 Kd6 34.f3 h6 35.h3 Ke5
36.Bf7 Bc6 37.a4 Bb7 38.Nb5 Kf6 39.Bc4 h5 40.Nc7 Ke5 41.Ne6 h4 42.gxh4 gxh4
43.f4+ Kf6 44.Nxc5 bxc5 45.Kf2 Be4 46.Kf1 Ke7 47.Kf2 Kd6 48.Kf1  1/2-1/2